Представление документа в формате MARC21

Поле Инд. ПП Название Значение
Тип записи a
Библиографический уровень b
001 Контрольный номер 739486a9d972469f9fb8badf89136d3b
005 Дата корректировки 20200630193252.0
008 Кодируемые данные 20170331
040 b Код языка каталог. rus
e Правила каталог. PSBO
041 0_ a Код языка текста rus
084 a Индекс другой классификации/Индекс ББК 67.021
100 1_ a Автор Харабет К. В.
245 10 a Заглавие Девиантность и социально-правовая тематика в творчестве и жизни поэтов Серебряного века (М. Цветаева, С. Есенин, В. Маяковский)
500 a Примечание Продолжение. Начало в №1, 2020
520 0_ a Аннотация Статья посвящена социально-правовой тематике в творчестве поэтов Серебряного века
600 14 a Персоналии Цветаева Марина Ивановна; Есенин Сергей Александрович; Маяковский Владимир Владимирович
650 14 a Основная рубрика право; теория права
653 0_ a Ключевые слова девиантность
a Ключевые слова поэзия
a Ключевые слова поэты
a Ключевые слова Россия
a Ключевые слова Серебряный век
a Ключевые слова социально-правовая тематика
a Ключевые слова творчество
773 08 t Заглавие источника Российская юстиция
d Дата издания источника 2020
g Прочая информация № 3. - С. 40 - 43
w Контрольный № источника e7466aa06b2540358281e2135db0f8ff
901 t Тип документа b